000
00284nam a22001217a 4500
008
240711b |||||||| |||| 00| 0 eng d
100
_a
Deepchand
_9
16854
245
_a
Te Nandhha Natak
260
_b
Sindh Pub;
_c
1954.
300
_a
19p.
700
_a
Trilok Chand
_9
16855
942
_c
BK
999
_c
39985
_d
39985